| 000 | 00000nas 2200000zi 4500 |
| 001 | 9.950253 |
| 003 | CaOODSP |
| 005 | 20250423090039 |
| 006 | m o d f |
| 007 | cr mn||||||||| |
| 008 | 250417c20139999oncmr m o bs f0###|0eng|d |
| 022 | |a1209-1367|y0840-6529 |
| 040 | |aCaOODSP|beng|erda|cCaOODSP |
| 043 | |an-cn--- |
| 086 | 1 |aCS82-003E-PDF |
| 130 | 0 |aHealth reports (Series) |
| 245 | 10|aHealth reports. |
| 264 | 1|a[Ottawa] : |bStatistics Canada = Statistique Canada, |c2013- |
| 310 | |aMonthly |
| 336 | |atext|btxt|2rdacontent |
| 337 | |acomputer|bc|2rdamedia |
| 338 | |aonline resource|bcr|2rdacarrier |
| 362 | 1 |aBegan with: vol. 24, no. 1 (January 2013). |
| 500 | |aVol. 1, no. 1 (October 1989) to vol. 23, no. 4 (December 2012) treated as periodicals. |
| 500 | |aIssued also in French under title: Rapports sur la santé. |
| 588 | |aDescription based on: vol. 24, no. 1 (January 2013); title from PDF cover page. |
| 588 | |aLatest issue consulted: vol. 36, no. 4 (April 2025). |
| 650 | 0|aHealth|xResearch|zCanada|vStatistics. |
| 655 | 7|aStatistics|2lcgft |
| 710 | 2 |aStatistics Canada, |eissuing body. |
| 775 | 08|tRapports sur la santé.|w(CaOODSP)9.950257 |
| 856 | 4 |qHTML|sN/A|uhttps://www150.statcan.gc.ca/n1/en/catalogue/82-003-X |
| 986 | |a82-003-X |